Collectifs de Youtubeurs par images - Statistiques

Statistiques générales
  • Ce quiz a été pris 117 fois
  • Le résultat moyen est 6 sur 15
Statistiques - réponses
Par images Réponse % Correct
Les Croûtons
92%
La Redbox
90%
Le Woop
66%
Maison Grise
59%
Le LOAT
55%
Lolywood
51%
Studio Bagel
50%
Golden Moustache
41%
Suricate
41%
Sympa Cool / Cocovoit
41%
Why Tea Fam
19%
La Capsule
5%
Les Parasites
5%
Le 105
3%
Ehcinedeniche / Magnus Production
1%
Aucun quiz correspondant
Distribution des résultats
% des personnes avec chaque résultat
Percentile par nombre de réponses
Votre historique - résultats
Vous n’avez pas pris ce quiz